Srimanmahabharatam (v.1): (Record no. 43932)

000 -LEADER
fixed length control field 00387nam a22001451a 4500
082 ## - DEWEY DECIMAL CLASSIFICATION NUMBER
Classification number S 294.592 3
Item number SRI
245 ## - TITLE STATEMENT
Title Srimanmahabharatam (v.1):
Sub Title streeparvam, sabhaparv/
Statement of responsibility, etc by Mandan Misra (for.)
260 ## - PUBLICATION, DISTRIBUTION, ETC. (IMPRINT)
Place of publication Delhi:
Name of publisher Nag,
Year of publication 1988.
650 ## - SUBJECT ADDED ENTRY--TOPICAL TERM
Topical Term Mahabharata Shadiparvam
650 ## - SUBJECT ADDED ENTRY--TOPICAL TERM
Topical Term Mahabharata
650 ## - SUBJECT ADDED ENTRY--TOPICAL TERM
Topical Term Vedic Literature
650 ## - SUBJECT ADDED ENTRY--TOPICAL TERM
Topical Term Hinduism
650 ## - SUBJECT ADDED ENTRY--TOPICAL TERM
Topical Term Religion
942 ## - ADDED ENTRY ELEMENTS (KOHA)
Koha item type Reference
Holdings
Withdrawn status Lost status Damaged status Not for loan Permanent Location Current Location Date acquired Cost, normal purchase price Full call number Accession Number Cost, replacement price Price effective from Koha item type
        Sree Sankaracharya University of Sanskrit Sree Sankaracharya University of Sanskrit 08.01.2015 285.00 R S 294.592 3 SRI 018975 0.00 08.01.2015 Reference